<?xml version="1.0" encoding="UTF-8"?>
<collection xmlns="http://www.loc.gov/MARC21/slim">
  <record>
    <leader>00000nam  2200000   4500</leader>
    <controlfield tag="001">INLIS000000000016688</controlfield>
    <controlfield tag="005">20240110090721</controlfield>
    <datafield tag="035" ind1="#" ind2="#">
      <subfield code="a">0010-0124000005</subfield>
    </datafield>
    <controlfield tag="007">ta</controlfield>
    <controlfield tag="008">240110################|##########|#|##</controlfield>
    <datafield tag="084" ind1="#" ind2="#">
      <subfield code="a">R 30 PIM III 2022</subfield>
    </datafield>
    <datafield tag="100" ind1=" " ind2="#">
      <subfield code="a">Anita Arumdati</subfield>
    </datafield>
    <datafield tag="245" ind1="1" ind2="#">
      <subfield code="a">“Aspiratif” Asesmen Kegiatan Perluasan Akses Pembiayaan Alternatif Bagi Wirausaha Produktif Dalam Rangka Pencapaian Penumbuhan Wirausaha Produktif /</subfield>
      <subfield code="c">Anita Arumdati</subfield>
    </datafield>
    <datafield tag="250" ind1="#" ind2="#">
      <subfield code="a">1</subfield>
    </datafield>
    <datafield tag="260" ind1="#" ind2="#">
      <subfield code="a">Jakarta :</subfield>
      <subfield code="b">Pusbangkom Pimnas dan Manajerial ASN,</subfield>
      <subfield code="c">2022</subfield>
    </datafield>
    <datafield tag="300" ind1="#" ind2="#">
      <subfield code="a">80 halaman ;</subfield>
      <subfield code="c">30 cm</subfield>
    </datafield>
    <datafield tag="650" ind1="#" ind2="4">
      <subfield code="a">Wirausaha</subfield>
    </datafield>
    <datafield tag="520" ind1="#" ind2="#">
      <subfield code="a">Berdasarkan visi Deputi Bidang Kewirausahaan yang tertuang dalam Renstra Deputi Bidang Kewirausahaan Tahun 2021-2024. Deputi Bidang Kewirausahaan selaku Ketua Tim Teknis Pengembangan Kewirausahaan (Perpres Nomor 2 Tahun 2022) telah menyusun Rencana Aksi Pengembangan Kewirausahaan Nasional 2022-2024, dengan melibatkan 27 Kementerian/Lembaga, dengan menetapkan total target wirausaha (Masyarakat umum, calon wirausaha, wirausaha pemula dan wirausaha mapan) sebesar 1.000.000 wirausaha yang difasilitasi dengan harapan meningkat secara berjenjang menjadi wirausaha mapan.</subfield>
    </datafield>
    <datafield tag="856" ind1="#" ind2="#">
      <subfield code="a">Perpustakaan LAN Pusat</subfield>
    </datafield>
    <datafield tag="990" ind1="#" ind2="#">
      <subfield code="a">30</subfield>
    </datafield>
  </record>
</collection>
